[Event "ENCI Limburg-open C"]
[Site "Maastricht"]
[Date "2011.06.12"]
[Round "5"]
[White "Preuter, Carlos"]
[Black "Schrader, Bernd"]
[Result "1-0"]
[WhiteElo "1676"]
[BlackElo "1372"]
[PlyCount "93"]
[EventDate "2011.06.10"]
[EventType "swiss"]
[EventRounds "7"]
[EventCountry "NED"]
[Source "P.Boonen"]
[SourceDate "2012.01.01"]

1. d4 d5 2. Nf3 Nf6 3. g3 Bg4 4. Bg2 e6 5. c3 Bd6 6. Be3 Nbd7 7. Nfd2 O-O 8.
Nb3 b6 9. N1d2 Rb8 10. f3 Bh5 11. c4 dxc4 12. Nxc4 Bb4+ 13. Kf2 Nd5 14. Bc1 c5
15. a3 Ba5 16. e4 N5f6 17. g4 Bg6 18. h4 h5 19. g5 Ne8 20. dxc5 Nxc5 21. Qxd8
Rxd8 22. Nxc5 Rc8 23. Nxa5 Rxc5 24. Nb3 Rc2+ 25. Kg3 f5 26. e5 f4+ 27. Kh2 Nc7
28. Nd4 Rc4 29. Ne2 Nd5 30. Rd1 Ne3 31. Rd7 Rc2 32. Nxf4 Nf1+ 33. Kg1 Ng3 34.
Nxg6 Ne2+ 35. Kh2 Rf7 36. Rd8+ Kh7 37. Nf8+ Kg8 38. Nxe6+ Kh7 39. f4 Nxc1 40.
Rxc1 Rxc1 41. g6+ Kxg6 42. Be4+ Rf5 43. Nf8+ Kf7 44. Bxf5 Rf1 45. Kg3 Ke7 46.
Rc8 Re1 47. Ng6+ 1-0

[Event "ENCI Limburg-open C"]
[Site "Maastricht"]
[Date "2011.06.12"]
[Round "5"]
[White "Quintana, Till"]
[Black "Geene, Joris"]
[Result "1/2-1/2"]
[WhiteElo "1695"]
[BlackElo "1583"]
[PlyCount "76"]
[EventDate "2011.06.10"]
[EventType "swiss"]
[EventRounds "7"]
[EventCountry "NED"]
[Source "P.Boonen"]
[SourceDate "2012.01.01"]

1. e4 e5 2. Nf3 Nc6 3. Bb5 a6 4. Ba4 Bc5 5. O-O d6 6. c3 Bd7 7. d4 exd4 8. cxd4
Ba7 9. Re1 Nge7 10. Nc3 O-O 11. h3 Ng6 12. Bb3 h6 13. a3 Re8 14. Qd3 Nce7 15.
Bd2 Be6 16. Ne2 Bxb3 17. Qxb3 b5 18. Rac1 c5 19. dxc5 dxc5 20. Be3 c4 21. Qc3
Bxe3 22. Qxe3 Nd5 23. Qd4 Ndf4 24. Nxf4 Qxd4 25. Nxd4 Nxf4 26. Rc3 Rad8 27. Nf3
Nd3 28. Re2 f5 29. e5 Re6 30. Rd2 Rd7 31. b3 Nxe5 32. Rxd7 Nxd7 33. bxc4 bxc4
34. Rxc4 Ne5 35. Nxe5 Rxe5 36. Ra4 Re6 37. Ra5 g6 38. f4 Kf7 1/2-1/2

[Event "ENCI Limburg-open C"]
[Site "Maastricht"]
[Date "2011.06.12"]
[Round "5"]
[White "Roesler, Manfred"]
[Black "Brookes, Jean Paul"]
[Result "1/2-1/2"]
[WhiteElo "1599"]
[BlackElo "1586"]
[PlyCount "30"]
[EventDate "2011.06.10"]
[EventType "swiss"]
[EventRounds "7"]
[EventCountry "NED"]
[Source "P.Boonen"]
[SourceDate "2012.01.01"]

1. d4 e6 2. Nf3 d5 3. Bg5 f6 4. Bh4 c5 5. c3 Qb6 6. Qc2 Nc6 7. e3 Bd7 8. Nbd2
Rc8 9. Qb3 Qxb3 10. Nxb3 cxd4 11. Nfxd4 Nxd4 12. exd4 Ne7 13. Bd3 Nc6 14. O-O
Bd6 15. Bg3 Bxg3 1/2-1/2

[Event "ENCI Limburg-open C"]
[Site "Maastricht"]
[Date "2011.06.12"]
[Round "5"]
[White "Scheeren, Wiel"]
[Black "Schlepuetz, Volker"]
[Result "1-0"]
[WhiteElo "1625"]
[BlackElo "1396"]
[PlyCount "38"]
[EventDate "2011.06.10"]
[EventType "swiss"]
[EventRounds "7"]
[EventCountry "NED"]
[Source "P.Boonen"]
[SourceDate "2012.01.01"]

1. f4 d5 2. b3 Nf6 3. Bb2 Bf5 4. Nf3 Nbd7 5. e3 e6 6. Be2 Bd6 7. O-O Qe7 8. Ne5
g5 9. Nxd7 Nxd7 10. Bxh8 f6 11. Bh5+ Bg6 12. Bxg6+ hxg6 13. fxg5 Be5 14. d4 Bd6
15. Bxf6 Nxf6 16. gxf6 Qh7 17. g3 Kf7 18. Qf3 Rh8 19. Rf2 e5 1-0

[Event "ENCI Limburg-open C"]
[Site "Maastricht"]
[Date "2011.06.12"]
[Round "5"]
[White "Slangen Knuit, Dien"]
[Black "Snoeks, Marnicq"]
[Result "1-0"]
[WhiteElo "1111"]
[BlackElo "1387"]
[PlyCount "121"]
[EventDate "2011.06.10"]
[EventType "swiss"]
[EventRounds "7"]
[EventCountry "NED"]
[Source "P.Boonen"]
[SourceDate "2012.01.01"]

1. d4 d5 2. e3 Nf6 3. c4 c6 4. Nf3 Bf5 5. Nc3 e6 6. cxd5 cxd5 7. Qa4+ Qd7 8.
Bb5 Nc6 9. Ne5 Qc7 10. Nxc6 Bd3 11. Ne5+ Bxb5 12. Nxb5 Qe7 13. Nc7+ Kd8 14.
Nxa8 Qb4+ 15. Qxb4 Bxb4+ 16. Ke2 Rf8 17. a3 Bd6 18. Nd3 Kd7 19. Nc5+ Bxc5 20.
dxc5 Rxa8 21. Bd2 Ne4 22. f3 Nxc5 23. Rhc1 Nb3 24. Bc3 g6 25. Rab1 Nxc1+ 26.
Rxc1 a6 27. Be5 Rc8 28. Rd1 Rc2+ 29. Rd2 Rc6 30. e4 Rc5 31. exd5 Rxd5 32. Rxd5+
exd5 33. Ke3 Ke6 34. Kd4 h6 35. f4 f6 36. Bc7 g5 37. fxg5 hxg5 38. g4 Kd7 39.
Bg3 Ke6 40. Bf2 b6 41. h3 b5 42. b4 Kd6 43. h4 gxh4 44. Bxh4 Ke6 45. Bxf6 Kxf6
46. Kxd5 Kg5 47. Kc6 Kxg4 48. Kb6 Kf5 49. Kxa6 Ke6 50. Kxb5 Kd7 51. Kb6 Kc8 52.
a4 Kb8 53. b5 Ka8 54. a5 Kb8 55. Kc6 Ka7 56. b6+ Ka8 57. a6 Kb8 58. a7+ Ka8 59.
b7+ Kxa7 60. Kc7 Ka6 61. b8=Q 1-0

[Event "ENCI Limburg-open C"]
[Site "Maastricht"]
[Date "2011.06.12"]
[Round "5"]
[White "Smet, Louis"]
[Black "Heinen, Dai"]
[Result "1-0"]
[WhiteElo "900"]
[BlackElo "1501"]
[PlyCount "119"]
[EventDate "2011.06.10"]
[EventType "swiss"]
[EventRounds "7"]
[EventCountry "NED"]
[Source "P.Boonen"]
[SourceDate "2012.01.01"]

1. e4 e5 2. Nf3 Nc6 3. d4 exd4 4. Nxd4 Nge7 5. Nc3 d6 6. Bc4 Nxd4 7. Qxd4 Nc6
8. Bb5 Bd7 9. Bxc6 Bxc6 10. Be3 f6 11. O-O-O Qe7 12. Nd5 Bxd5 13. Qxd5 O-O-O
14. Bxa7 b6 15. Qa8+ Kd7 16. Qb7 Ke8 17. f4 g6 18. Rd4 Bg7 19. Rc4 Rd7 20. Qc8+
Kf7 21. Qb7 Qd8 22. Re1 Qa8 23. Qa6 c6 24. Ra4 Rb7 25. Bxb6 Qxa6 26. Rxa6 Rhb8
27. Bd4 c5 28. Bc3 Ke6 29. b3 Bh6 30. g3 f5 31. e5 Rb6 32. Ra7 R6b7 33. Rxb7
Rxb7 34. Kd2 g5 35. exd6+ Kxd6 36. fxg5 Bxg5+ 37. Kd1 h6 38. Bd2 Bxd2 39. Kxd2
Rf7 40. Kc3 f4 41. Rf1 Ke5 42. Rxf4 Rxf4 43. gxf4+ Kxf4 44. a4 Ke5 45. a5 Kd6
46. Kc4 Kc6 47. a6 Kb6 48. a7 Kxa7 49. Kxc5 Kb7 50. Kd5 Kb6 51. c4 Kc7 52. b4
Kb6 53. c5+ Kc7 54. b5 Kd7 55. b6 h5 56. h4 Kc8 57. Kd6 Kb7 58. Kd7 Kb8 59. c6
Ka8 60. c7 1-0

[Event "ENCI Limburg-open C"]
[Site "Maastricht"]
[Date "2011.06.12"]
[Round "5"]
[White "Snoeks, Pieter Jan"]
[Black "Hodzic, Hajrudin"]
[Result "1-0"]
[WhiteElo "1530"]
[BlackElo "1678"]
[PlyCount "93"]
[EventDate "2011.06.10"]
[EventType "swiss"]
[EventRounds "7"]
[EventCountry "NED"]
[Source "P.Boonen"]
[SourceDate "2012.01.01"]

1. Nf3 d5 2. d4 Bf5 3. e3 Nf6 4. Be2 e6 5. O-O Be7 6. b3 h6 7. Bb2 Nbd7 8. c4
c6 9. Nbd2 g5 10. cxd5 exd5 11. Ne5 h5 12. f3 Bd6 13. e4 dxe4 14. fxe4 Nxe5 15.
dxe5 Bc5+ 16. Kh1 Nxe4 17. Nxe4 Bxe4 18. e6 Rh7 19. exf7+ Kf8 20. Qc1 Be7 21.
Qc3 g4 22. Qe5 Qd5 23. Qg3 Bd6 24. Qf2 Rxf7 25. Bc4 Rxf2 26. Bxd5 cxd5 27.
Rxf2+ Ke7 28. Raf1 Kd7 29. Rf7+ Be7 30. Ba3 Re8 31. Kg1 Ke6 32. Bxe7 Rxe7 33.
R1f6+ Kd7 34. Rxe7+ Kxe7 35. Rh6 d4 36. Rxh5 Ke6 37. Kf2 Bf5 38. Ke2 Bb1 39. a3
Kf6 40. Rd5 Be4 41. Rxd4 Bxg2 42. Rxg4 Bc6 43. Ke3 Kf5 44. Rc4 Bh1 45. h4 Kg6
46. Rc5 Kh6 47. Rg5 1-0

[Event "ENCI Limburg-open C"]
[Site "Maastricht"]
[Date "2011.06.12"]
[Round "5"]
[White "Tamminga, Melle"]
[Black "Godding, Mick"]
[Result "1-0"]
[WhiteElo "1605"]
[BlackElo "1544"]
[PlyCount "81"]
[EventDate "2011.06.10"]
[EventType "swiss"]
[EventRounds "7"]
[EventCountry "NED"]
[Source "P.Boonen"]
[SourceDate "2012.01.01"]

1. e4 d5 2. exd5 Nf6 3. d4 Nxd5 4. c4 Nb4 5. a3 N4c6 6. Be3 g6 7. h3 Bg7 8. Nf3
e5 9. d5 e4 10. Nd4 Ne7 11. Nc3 f5 12. g3 c6 13. Qc2 O-O 14. Rd1 cxd5 15. cxd5
a6 16. Nde2 Nd7 17. Bg2 Nf6 18. O-O b5 19. Nf4 Bd7 20. Rc1 g5 21. d6 Nc6 22.
Nfd5 Nxd5 23. Nxd5 Rc8 24. Qd2 h6 25. Nb6 Rb8 26. Nxd7 Qxd7 27. Qd5+ Rf7 28.
Rxc6 Rb7 29. Rfc1 Bf8 30. Rc7 Rxc7 31. Rxc7 Qe8 32. Rxf7 Qxf7 33. Qxf7+ Kxf7
34. d7 Be7 35. Bb6 Ke6 36. d8=Q Bxd8 37. Bxd8 Kd5 38. Kf1 Kc4 39. Ke2 b4 40.
axb4 Kxb4 41. Kd2 1-0

[Event "ENCI Limburg-open C"]
[Site "Maastricht"]
[Date "2011.06.12"]
[Round "5"]
[White "Thingstad, Tormod"]
[Black "Boer, Jan"]
[Result "0-1"]
[WhiteElo "997"]
[BlackElo "1729"]
[PlyCount "153"]
[EventDate "2011.06.10"]
[EventType "swiss"]
[EventRounds "7"]
[EventCountry "NED"]
[Source "P.Boonen"]
[SourceDate "2012.01.01"]

1. c4 Nf6 2. Nc3 e6 3. g3 c6 4. Nf3 d5 5. cxd5 exd5 6. d4 Bf5 7. Bg2 Na6 8. a3
Bd6 9. O-O O-O 10. Bg5 Re8 11. Re1 Nc7 12. e3 Ne6 13. Bxf6 Qxf6 14. Nh4 Bg6 15.
Nxg6 Qxg6 16. b4 Rac8 17. f4 Qf6 18. Qd3 Nf8 19. Rac1 Re7 20. e4 dxe4 21. Nxe4
Qf5 22. Qf3 Bb8 23. Re2 Rd8 24. Rd1 Red7 25. Qf2 Ne6 26. Red2 Bc7 27. Nc5 Nxc5
28. dxc5 Rxd2 29. Rxd2 Qb1+ 30. Bf1 b6 31. Rxd8+ Bxd8 32. Qe3 Kf8 33. Kf2 Qc2+
34. Kf3 bxc5 35. Bd3 Qc3 36. Be4 Qxe3+ 37. Kxe3 cxb4 38. axb4 Be7 39. Bxc6 Bxb4
40. Kd4 Ke7 41. Kd5 f5 42. h3 h5 43. Ke5 g6 44. Bf3 Bd6+ 45. Kd5 a5 46. Bd1 h4
47. g4 Bxf4 48. gxf5 gxf5 49. Bc2 Kf6 50. Ba4 Kg5 51. Ke6 Bd2 52. Bd1 f4 53.
Ke5 Bc3+ 54. Ke4 Bd2 55. Bc2 Be1 56. Bd1 Bg3 57. Bc2 Kf6 58. Bd1 Ke6 59. Kd4
Kd6 60. Kc4 Ke5 61. Kd3 Kd5 62. Bb3+ Kc5 63. Bd1 Kb4 64. Kc2 Kc4 65. Be2+ Kd4
66. Kd2 a4 67. Bd1 a3 68. Bb3 f3 69. Bf7 f2 70. Ke2 Kc3 71. Be6 Kb2 72. Bd5 a2
73. Bxa2 Kxa2 74. Kf1 Kb2 75. Ke2 Kc2 76. Kf1 Kd2 77. Kg2 0-1

[Event "ENCI Limburg-open C"]
[Site "Maastricht"]
[Date "2011.06.12"]
[Round "5"]
[White "Uckerman, John"]
[Black "Schleicher, Floris"]
[Result "1/2-1/2"]
[WhiteElo "1657"]
[BlackElo "1596"]
[PlyCount "44"]
[EventDate "2011.06.10"]
[EventType "swiss"]
[EventRounds "7"]
[EventCountry "NED"]
[Source "P.Boonen"]
[SourceDate "2012.01.01"]

1. e4 d5 2. exd5 Qxd5 3. Nc3 Qd6 4. g3 Nf6 5. Bg2 c6 6. d3 Bf5 7. Nf3 e6 8. O-O
Qc7 9. Qe2 Nbd7 10. Re1 Bd6 11. a4 O-O 12. Ne4 Nxe4 13. dxe4 Bg4 14. h3 Bxf3
15. Bxf3 Rfd8 16. Be3 Bc5 17. Bxc5 Nxc5 18. b4 Nd7 19. e5 Nb6 20. a5 Nd5 21.
Qc4 Rd7 22. h4 Rad8 1/2-1/2

[Event "ENCI Limburg-open C"]
[Site "Maastricht"]
[Date "2011.06.12"]
[Round "5"]
[White "Uiterwijk, Jos"]
[Black "Bauchmueller, Franz Josef"]
[Result "0-1"]
[WhiteElo "1598"]
[BlackElo "1587"]
[PlyCount "60"]
[EventDate "2011.06.10"]
[EventType "swiss"]
[EventRounds "7"]
[EventCountry "NED"]
[Source "P.Boonen"]
[SourceDate "2012.01.01"]

1. e4 e5 2. Nf3 Nc6 3. d4 exd4 4. Nxd4 Bc5 5. Be3 Qf6 6. c3 Nge7 7. Bc4 Bb6 8.
O-O Qg6 9. Nxc6 Nxc6 10. Bxb6 axb6 11. Nd2 O-O 12. f3 Ne5 13. Be2 b5 14. Kh1 c6
15. f4 Nc4 16. Bxc4 bxc4 17. f5 Qg5 18. Nxc4 d5 19. Nb6 dxe4 20. Nxa8 Bxf5 21.
Nb6 Bg4 22. Qe1 Re8 23. Qg3 f5 24. h3 Qh6 25. Rfe1 Bh5 26. Qe3 f4 27. Qd4 e3
28. Nc4 Bf7 29. Nd6 Bd5 30. Nxe8 Qxh3+ 0-1

[Event "ENCI Limburg-open C"]
[Site "Maastricht"]
[Date "2011.06.12"]
[Round "5"]
[White "Valembois, Pierre"]
[Black "Van Meegen, Judith"]
[Result "0-1"]
[WhiteElo "1150"]
[BlackElo "1484"]
[PlyCount "70"]
[EventDate "2011.06.10"]
[EventType "swiss"]
[EventRounds "7"]
[EventCountry "NED"]
[Source "P.Boonen"]
[SourceDate "2012.01.01"]

1. g4 e5 2. Bg2 Nc6 3. Nc3 Bc5 4. Ne4 Bb6 5. b3 d5 6. Nc3 d4 7. Nd5 Bxg4 8. c4
Nf6 9. Bh3 Bxh3 10. Nxh3 Nxd5 11. cxd5 Qxd5 12. Rg1 g6 13. f4 exf4 14. Nxf4 Qe5
15. Nd3 Qxh2 16. Rf1 Qg3+ 17. Rf2 h5 18. b4 O-O-O 19. a4 a5 20. Qb3 h4 21. Rb1
h3 22. Qxf7 h2 23. Kd1 h1=Q+ 24. Ne1 Qgg1 25. Qe6+ Kb8 26. bxa5 Qxe1+ 27. Kc2
Qxf2 28. axb6 Qf5+ 29. Qxf5 gxf5 30. bxc7+ Kxc7 31. d3 Kc8 32. a5 Nxa5 33. Ra1
Qc6+ 34. Kd1 Rh1+ 35. Kd2 Qc3# 0-1

[Event "ENCI Limburg-open C"]
[Site "Maastricht"]
[Date "2011.06.12"]
[Round "5"]
[White "Van Ginneken, Jeroen"]
[Black "Heuts, Guido"]
[Result "1-0"]
[WhiteElo "1682"]
[BlackElo "1397"]
[PlyCount "81"]
[EventDate "2011.06.10"]
[EventType "swiss"]
[EventRounds "7"]
[EventCountry "NED"]
[Source "P.Boonen"]
[SourceDate "2012.01.01"]

1. e4 c6 2. d4 d5 3. e5 Bf5 4. Bd3 Bxd3 5. Qxd3 e6 6. Ne2 Nd7 7. O-O c5 8. c3
h6 9. f4 Ne7 10. Be3 Nf5 11. Bd2 Be7 12. Ng3 Nxg3 13. Qxg3 g6 14. Qd3 Qb6 15.
Na3 c4 16. Qc2 a6 17. Nb1 Qd8 18. Be3 Qc7 19. Nd2 Nb8 20. Nf3 Nc6 21. Bd2 O-O-O
22. Rab1 g5 23. f5 Rdf8 24. f6 Bd8 25. b4 Na7 26. a4 b5 27. Ra1 Qb7 28. Ra3 Bc7
29. Rfa1 Kd7 30. axb5 Nxb5 31. Rxa6 Ra8 32. Rxa8 Rxa8 33. Rxa8 Qxa8 34. Qh7 Qf8
35. Qg7 Ke8 36. Be1 Na3 37. Kf2 Nc2 38. Bd2 Na1 39. Nxg5 hxg5 40. Bxg5 Bd8 41.
Bh6 1-0

[Event "ENCI Limburg-open C"]
[Site "Maastricht"]
[Date "2011.06.12"]
[Round "5"]
[White "Van Ginneken, Jos"]
[Black "Katoen, Tom"]
[Result "1-0"]
[WhiteElo "1565"]
[BlackElo "1330"]
[PlyCount "83"]
[EventDate "2011.06.10"]
[EventType "swiss"]
[EventRounds "7"]
[EventCountry "NED"]
[Source "P.Boonen"]
[SourceDate "2012.01.01"]

1. e4 c5 2. Nf3 Nc6 3. Bc4 d6 4. d3 Nf6 5. h3 g6 6. Nc3 Bg7 7. O-O O-O 8. Nd5
Bd7 9. c3 e6 10. Nxf6+ Bxf6 11. Bh6 Re8 12. Qd2 Ne5 13. Nxe5 Bxe5 14. f4 Bh8
15. Qf2 Qe7 16. g4 b5 17. Bb3 a5 18. f5 b4 19. f6 Qd8 20. h4 e5 21. g5 Qc8 22.
Qg3 Bh3 23. Rf2 Qg4 24. Qxg4 Bxg4 25. Bd1 Bxd1 26. Rxd1 Rec8 27. Rff1 Ra7 28.
Kf2 Rb7 29. cxb4 cxb4 30. Ke3 Rc2 31. d4 exd4+ 32. Rxd4 Rc8 33. Rxd6 Re8 34.
Rfd1 Rbb8 35. Rd7 b3 36. a3 Rbc8 37. Kf3 Rc2 38. Rd8 Rc8 39. Rxe8+ Rxe8 40. Rc1
a4 41. Rc4 Ra8 42. Rc7 1-0

[Event "ENCI Limburg-open C"]
[Site "Maastricht"]
[Date "2011.06.12"]
[Round "5"]
[White "Van Velthoven, Paul"]
[Black "Van der Wouw, Paul"]
[Result "1-0"]
[WhiteElo "1524"]
[BlackElo "1538"]
[PlyCount "65"]
[EventDate "2011.06.10"]
[EventType "swiss"]
[EventRounds "7"]
[EventCountry "NED"]
[Source "P.Boonen"]
[SourceDate "2012.01.01"]

1. e4 d5 2. exd5 Nf6 3. d4 Nxd5 4. Nf3 Bg4 5. Be2 e6 6. O-O Nd7 7. c4 N5b6 8.
Nc3 Nf6 9. Re1 Be7 10. Be3 O-O 11. Ne5 Bxe2 12. Qxe2 Qc8 13. Rad1 c5 14. d5
exd5 15. Nxd5 Nbxd5 16. cxd5 Rd8 17. Qc4 Bd6 18. f4 a6 19. Qc2 Bxe5 20. fxe5
Nxd5 21. Qxc5 Qxc5 22. Bxc5 Rac8 23. Bd6 Nf4 24. Be7 Re8 25. Rd7 Ne6 26. Rxb7
Rc7 27. Rxc7 Nxc7 28. Bd6 Nb5 29. Rd1 Rd8 30. Rc1 f6 31. Be7 Rd7 32. exf6 gxf6
33. Bxf6 1-0

[Event "ENCI Limburg-open C"]
[Site "Maastricht"]
[Date "2011.06.12"]
[Round "5"]
[White "Van der Werff, Silvia"]
[Black "Ingelaere, Arthur"]
[Result "1-0"]
[WhiteElo "1416"]
[BlackElo "1342"]
[PlyCount "119"]
[EventDate "2011.06.10"]
[EventType "swiss"]
[EventRounds "7"]
[EventCountry "NED"]
[Source "P.Boonen"]
[SourceDate "2012.01.01"]

1. e4 c5 2. Nf3 Nc6 3. d4 cxd4 4. Nxd4 g6 5. Nc3 Bg7 6. Be3 Nf6 7. f3 O-O 8.
Bc4 e6 9. Qd2 d5 10. exd5 exd5 11. Bb3 Nxd4 12. Bxd4 Re8+ 13. Ne2 a5 14. Ba4
Bd7 15. Bxd7 Qxd7 16. O-O Qb5 17. Nc3 Qc6 18. Rad1 Rad8 19. Rfe1 b5 20. Bxf6
Rxe1+ 21. Rxe1 Bxf6 22. Rd1 Bxc3 23. Qxc3 Qxc3 24. bxc3 f5 25. Kf2 Kf7 26. Ke3
Ke6 27. Kd4 Rc8 28. Re1+ Kd6 29. g3 Rc4+ 30. Kd3 Rc8 31. f4 h6 32. Re2 b4 33.
cxb4 axb4 34. Re1 Ra8 35. Ra1 Ra3+ 36. Kd4 Rf3 37. Rb1 Rf2 38. Rxb4 Rxc2 39. a3
Kc6 40. h4 Rf2 41. Rb8 Rf3 42. Rc8+ Kd7 43. Rc3 Rf1 44. Kxd5 Rd1+ 45. Kc4 Ke6
46. Re3+ Kf6 47. a4 Ra1 48. Kb4 Rb1+ 49. Rb3 Rd1 50. a5 Rd4+ 51. Kc5 Ra4 52.
Rb6+ Kf7 53. a6 Ra1 54. Rb7+ Ke6 55. a7 Rc1+ 56. Kb6 Kd6 57. a8=Q Rb1+ 58. Ka7
Ra1+ 59. Kb8 Rxa8+ 60. Kxa8 1-0

[Event "ENCI Limburg-open C"]
[Site "Maastricht"]
[Date "2011.06.12"]
[Round "5"]
[White "Veelenturf, Wim"]
[Black "De Vries, Robert"]
[Result "1/2-1/2"]
[WhiteElo "1697"]
[BlackElo "1536"]
[PlyCount "28"]
[EventDate "2011.06.10"]
[EventType "swiss"]
[EventRounds "7"]
[EventCountry "NED"]
[Source "P.Boonen"]
[SourceDate "2012.01.01"]

1. e4 e5 2. Bc4 Nf6 3. d3 Bc5 4. Bg5 d6 5. Nc3 O-O 6. Nd5 Nbd7 7. h3 c6 8.
Nxf6+ Nxf6 9. Nf3 h6 10. Bh4 Be6 11. Bb3 Qb6 12. Qd2 Nd7 13. O-O d5 14. Bg3 f6
1/2-1/2

[Event "ENCI Limburg-open C"]
[Site "Maastricht"]
[Date "2011.06.12"]
[Round "5"]
[White "Vossen, Martijn"]
[Black "Roemhild, Wolfgang"]
[Result "1-0"]
[WhiteElo "1564"]
[BlackElo "1696"]
[PlyCount "43"]
[EventDate "2011.06.10"]
[EventType "swiss"]
[EventRounds "7"]
[EventCountry "NED"]
[Source "P.Boonen"]
[SourceDate "2012.01.01"]

1. e4 e5 2. Nf3 Nc6 3. d4 exd4 4. Nxd4 Nge7 5. Nc3 d6 6. Be3 a6 7. Bc4 Ne5 8.
Be2 N7g6 9. f4 Nd7 10. Qd2 c5 11. Nf5 Nb6 12. O-O-O Bxf5 13. exf5 Nh4 14. Bf2
Nxf5 15. Bg4 Nc4 16. Qd3 Nxb2 17. Kxb2 Qb6+ 18. Kc1 g6 19. Bxf5 gxf5 20. Rhe1+
Kd8 21. Qxf5 Bg7 22. Qg5+ 1-0

[Event "ENCI Limburg-open C"]
[Site "Maastricht"]
[Date "2011.06.12"]
[Round "5"]
[White "Wagemakers, Rick"]
[Black "Welling, Sophie"]
[Result "1/2-1/2"]
[WhiteElo "1606"]
[BlackElo "1567"]
[PlyCount "51"]
[EventDate "2011.06.10"]
[EventType "swiss"]
[EventRounds "7"]
[EventCountry "NED"]
[Source "P.Boonen"]
[SourceDate "2012.01.01"]

1. c4 e6 2. Nc3 Nf6 3. g3 c6 4. Bg2 d5 5. Nf3 Be7 6. d4 O-O 7. O-O Nbd7 8. b3
b6 9. Bb2 Ba6 10. cxd5 cxd5 11. Re1 Rc8 12. Rc1 Bb4 13. a3 Bd6 14. e4 dxe4 15.
Nxe4 Nxe4 16. Rxe4 Bb7 17. Re1 Rxc1 18. Qxc1 Qa8 19. Qe3 Nf6 20. Rc1 Bd5 21.
Ne1 Rc8 22. Bxd5 Qxd5 23. Qd2 Qb7 24. Rxc8+ Qxc8 25. Qc2 Qxc2 26. Nxc2 1/2-1/2

[Event "ENCI Limburg-open C"]
[Site "Maastricht"]
[Date "2011.06.12"]
[Round "5"]
[White "Wuijts, Johan"]
[Black "Overtoom, Reinier"]
[Result "1/2-1/2"]
[WhiteElo "1693"]
[BlackElo "1668"]
[PlyCount "76"]
[EventDate "2011.06.10"]
[EventType "swiss"]
[EventRounds "7"]
[EventCountry "NED"]
[Source "P.Boonen"]
[SourceDate "2012.01.01"]

1. e4 c5 2. Nc3 a6 3. a4 Nc6 4. f4 g6 5. Nf3 Bg7 6. Bc4 e6 7. O-O Nge7 8. Ba2
O-O 9. d3 d5 10. e5 Nf5 11. Kh1 Rb8 12. Qe1 Ncd4 13. Bb1 b5 14. axb5 axb5 15.
Ne2 Nxf3 16. Rxf3 Bb7 17. Ng3 Nxg3+ 18. Rxg3 d4 19. Ba2 Ra8 20. Bd2 Bd5 21.
Bxd5 Rxa1 22. Qxa1 Qxd5 23. Rf3 Ra8 24. Qb1 c4 25. h3 Bf8 26. c3 dxc3 27. bxc3
cxd3 28. Qxd3 Qxd3 29. Rxd3 Ra1+ 30. Kh2 Rd1 31. Rd8 f5 32. Kg3 Kf7 33. Kf3 Be7
34. Rd7 Ke8 35. Rd3 Bc5 36. Ke2 Ra1 37. Be3 Ra2+ 38. Kf3 Bxe3 1/2-1/2

[Event "ENCI Limburg-open C"]
[Site "Maastricht"]
[Date "2011.06.13"]
[Round "6"]
[White "Bauchmueller, Franz Josef"]
[Black "Huzen, Maron"]
[Result "0-1"]
[WhiteElo "1587"]
[BlackElo "1387"]
[PlyCount "106"]
[EventDate "2011.06.10"]
[EventType "swiss"]
[EventRounds "7"]
[EventCountry "NED"]
[Source "P.Boonen"]
[SourceDate "2012.01.01"]

1. e4 e5 2. f4 Nc6 3. Nf3 exf4 4. Bc4 f5 5. Nc3 fxe4 6. Nxe4 d5 7. Qe2 dxe4 8.
Qxe4+ Qe7 9. d3 Nf6 10. Qxe7+ Bxe7 11. Bxf4 Bd6 12. Bxd6 cxd6 13. O-O-O Bd7 14.
Ng5 d5 15. Bb3 O-O-O 16. Nf7 Ng4 17. Rde1 Rhf8 18. Nxd8 Nxd8 19. Bxd5 Nf6 20.
Rhf1 Re8 21. Rxe8 Bxe8 22. Bf3 Ne6 23. h3 Bh5 24. Kd2 Bxf3 25. Rxf3 Kd7 26. c3
Ng5 27. Rg3 Nge4+ 28. dxe4 Nxe4+ 29. Ke3 Nxg3 30. Kf3 Nf5 31. g4 Ne7 32. c4 b6
33. b3 a6 34. Ke4 Kd6 35. a3 Ke6 36. b4 Kd6 37. h4 Ng6 38. h5 Ne5 39. c5+ bxc5
40. bxc5+ Ke6 41. g5 Nc4 42. a4 Nd2+ 43. Kf4 Nb3 44. c6 Kd6 45. c7 Kxc7 46. Ke5
Kd7 47. Kd5 Nd2 48. g6 hxg6 49. hxg6 Nf3 50. Ke4 Nh4 51. Kf4 Nxg6+ 52. Kf5 Ne7+
53. Kg5 Kc6 0-1

[Event "ENCI Limburg-open C"]
[Site "Maastricht"]
[Date "2011.06.13"]
[Round "6"]
[White "Beissel, Daniel"]
[Black "Uckerman, John"]
[Result "0-1"]
[WhiteElo "1586"]
[BlackElo "1657"]
[PlyCount "76"]
[EventDate "2011.06.10"]
[EventType "swiss"]
[EventRounds "7"]
[EventCountry "NED"]
[Source "P.Boonen"]
[SourceDate "2012.01.01"]

1. d4 Nf6 2. c4 e6 3. Nf3 b6 4. g3 Bb7 5. Bg2 Bb4+ 6. Nbd2 O-O 7. O-O Be7 8. b3
d5 9. Ne5 c5 10. Bb2 Nc6 11. Ndf3 Rc8 12. Nxc6 Bxc6 13. Ne5 Bb7 14. Rc1 Rc7 15.
dxc5 bxc5 16. Nd3 d4 17. f3 a5 18. Qd2 Qa8 19. e3 Rd8 20. Ba3 Rcd7 21. Nxc5
Bxc5 22. Bxc5 dxe3 23. Qxe3 Rd2 24. Rf2 R8d3 25. Qe1 Qd8 26. Rxd2 Rxd2 27. Qe5
h6 28. a3 Ng4 29. Qc3 Rd3 30. Qe1 Rd2 31. Be3 Nxe3 32. Qxe3 Rd3 33. Qe2 Rd2 34.
Qe1 Qd4+ 35. Kh1 Qb2 36. Qg1 Rxg2 37. Qxg2 Qxc1+ 38. Qg1 Bxf3# 0-1

[Event "ENCI Limburg-open C"]
[Site "Maastricht"]
[Date "2011.06.13"]
[Round "6"]
[White "Beukema, Christiaan"]
[Black "Katoen, Tom"]
[Result "0-1"]
[WhiteElo "1071"]
[BlackElo "1330"]
[PlyCount "64"]
[EventDate "2011.06.10"]
[EventType "swiss"]
[EventRounds "7"]
[EventCountry "NED"]
[Source "P.Boonen"]
[SourceDate "2012.01.01"]

1. e4 c5 2. Nf3 Nc6 3. d4 cxd4 4. Nxd4 d6 5. Nf3 Nf6 6. Nc3 Qc7 7. Be3 a6 8.
Bc4 Bg4 9. h3 Bxf3 10. Qxf3 Ne5 11. Qe2 Nxc4 12. b3 Nxe3 13. Qxe3 Rc8 14. Ne2
g6 15. c4 Qa5+ 16. Nc3 Bg7 17. O-O O-O 18. Nd5 Nxd5 19. exd5 Bxa1 20. Rxa1 Rfe8
21. g3 b5 22. cxb5 Qxb5 23. Qd4 Rc5 24. Rd1 Rec8 25. g4 Rc1 26. Rxc1 Rxc1+ 27.
Kg2 Qf1+ 28. Kg3 Qg1+ 29. Kh4 Rc2 30. Kg5 Qxf2 31. Qa4 f6+ 32. Kh6 Qh4# 0-1

[Event "ENCI Limburg-open C"]
[Site "Maastricht"]
[Date "2011.06.13"]
[Round "6"]
[White "Boer, Jan"]
[Black "Veelenturf, Wim"]
[Result "1/2-1/2"]
[WhiteElo "1729"]
[BlackElo "1697"]
[PlyCount "51"]
[EventDate "2011.06.10"]
[EventType "swiss"]
[EventRounds "7"]
[EventCountry "NED"]
[Source "P.Boonen"]
[SourceDate "2012.01.01"]

1. d4 d6 2. c4 e5 3. d5 g6 4. b3 Bg7 5. Bb2 Nf6 6. Nd2 O-O 7. e3 Nbd7 8. Bd3
Re8 9. e4 Nc5 10. Bc2 Bh6 11. f3 a5 12. a3 Bd7 13. b4 axb4 14. axb4 Rxa1 15.
Bxa1 Na6 16. Bc3 Nh5 17. Ne2 Qh4+ 18. g3 Qh3 19. g4 Qh4+ 20. Kf1 Be3 21. Kg2
Bxg4 22. fxg4 Qxg4+ 23. Ng3 Nf4+ 24. Kf1 Qh3+ 25. Ke1 Qg2 26. Rf1 {.....}
1/2-1/2